[Event "BI-2014-P-0002"]
[Site "LSS email"]
[Date "2014.04.19"]
[Round "?"]
[White "Santos Etxepare, Agustin"]
[Black "Feng, Jason"]
[Result "0-1"]
[WhiteElo "1570"]
[BlackElo "870"]
[PlyCount "22"]
[EventDate "2014.04.25"]
[EventType "tourn (corr)"]
[EventRounds "10"]
[EventCountry "GER"]
[SourceTitle "Corr 2015"]
[Source "ChessBase"]
[SourceDate "2015.07.17"]
[SourceVersion "1"]
[SourceVersionDate "2015.07.17"]
[SourceQuality "1"]

1. e4 e5 2. Nc3 Nf6 3. g3 Bc5 4. Bg2 d6 5. Nge2 Be6 6. d4 exd4 7. Nxd4 Qd7 8. Nxe6 Qxe6 9. Nb5 Na6 10. 0-0 0-0 11. Nd4 Bxd4 0-1